000 00784nam a22001935i 4500
001 156910
003 ES-MaACL
005 20251003163845.0
008 040804s1896 fr |||| | fre d
040 _aCAM
_bspa
_cCAM
100 1 _aLalanne, Ludovic.
_969726
245 1 0 _aBrantôme, sa vie et ses écrits /
_cpublié pour la Société de l'Histoire de France par Ludovic Lalanne.
260 _aA Paris :
_bLibrairie Renouard, H. Laurens, successeur,
_c1896 (
_eNogent-le-Rotrou :
_fImprimerie Daupeley-Gouverneur)
300 _aII, 384 p. ;
_c24 cm.
600 1 7 _aBrantôme, Pierre de Bourdeille,
_cseigneur de-
_xBiobibliografías
_2
_9126148
710 2 1 _aSociété de l'Histoire de France,
_eed.
_9134958
852 _aES-MaACL
_jF-783
_z-- Rúst.
999 _c156910
_d156910